000 00308nam a2200133Ia 4500
005 20251222142030.0
008 251222s9999||||xx |||||||||||||| ||spa||
020 _a84-8266-000-4
082 _a759.45/C72
100 _aCobo, Chema
245 0 _aEl Laberinto de la Brújula
264 _bVegap
942 _cLIB
999 _c10952
_d10952